| 000 | 00745nam a2200229Ia 4500 | ||
|---|---|---|---|
| 003 | GCL | ||
| 008 | 140319s9999 xx 000 0 ara d | ||
| 040 |
_aGCL / _cGCL |
||
| 082 | 0 | 4 |
_a320.5315 _bهـ ت |
| 100 | 1 | _aهوك، سدنى | |
| 245 | 1 | 0 |
_aالتراث الغامض ماركس والماركسيون / _cهوك، سدنى |
| 700 | 1 | _aسيد كامل زهران (مترجم) | |
| 260 |
_a[S.N] : _bالهيئة المصرية العامة للكتاب ، _c1986 |
||
| 300 | _a345 ص | ||
| 490 |
_aالالف كتاب الثانى _v0 |
||
| 650 | 0 | 4 | _aالماركسية |
| 650 | 0 | 4 | _aالسياسة |
| 650 | 0 | 4 | _aنظريات |
| 650 | 0 | 4 | _aالاجتماع |
| 650 | 0 | 4 | _aالايدلوجيا السياسية |
| 942 |
_2ddc _cBK |
||
| 999 |
_c28315 _d28315 |
||